Statistics for Ultimate Criminal Minds Quiz

Click here to take the quiz!

General Stats

  • This quiz has been taken 1,901 times
    (1,770 since last reset)
  • The average score is 13 of 26

Answer Stats

HintAnswer% Correct
What is Derek's most common nickname for Garcia?Baby Girl
80%
Hotch's son's nameJack
80%
Actor who plays ReidMatthew Gray Gubler
80%
JJ's son's nameHenry
79%
Actress who plays DerekShemar Moore
78%
JJ's husband's nameWill
77%
Actress who plays JJAJ Cook
75%
Actor who plays HotchnerThomas Gibson
74%
What does BAU stand for?Behavioral Analysis Unit
65%
Where was Reid born?Las Vegas
65%
The name of Hotch's ex-wifeHaley
60%
Their job titleProfiler
58%
Who did Garcia used to date at the F.B.I?Kevin Lynch
57%
Actor who plays RossiJoe Mantegna
49%
What was Emily's undercover name?Lauren
45%
What is the real name of "The Boston Reaper"?George Foyet
44%
Who "killed" Emily Prentiss?Ian Doyle
44%
Actress who plays GarciaKirsten Vangsness
41%
Pilot nameExtreme Aggressor
34%
Who abused Derek Morgan?Carl Buford
29%
Episode in which Reid is kidnapped by a man with multiple personalitiesRevelations
21%
Episode in which a cannibalistic serial killer utters the line: "So is Tracy Lambert"Lucky
18%
Episode where Reid and Emily are trapped in a Cult after a Federal RaidMinimal Loss
15%
Episode where three friends are kidnapped and must decide which of them will dieNorth Mammon
13%
Episode involving the anniversary of a school shootingPainless
8%
Episode where a formerly abused unsub drowns, then revives his victimsEpilogue
6%

Score Distribution

Percentile by Number Answered

Percent of People with Each Score

Your Score History

You have not taken this quiz since the last reset